[Event "WJCC U20 Girls 2019"]
[Site "New Delhi"]
[Date "2019.10.18"]
[Round "5.14"]
[White "Song, Yuxin"]
[Black "Avetisyan, Mariam"]
[Result "1/2-1/2"]
[WhiteElo "2292"]
[BlackElo "2110"]
[Annotator "RC"]
[PlyCount "66"]
[EventDate "2019.10.15"]
[EventType "swiss"]
[EventCountry "IND"]
[SourceTitle "playchess.com"]
[Source "ChessBase"]
[SourceQuality "1"]
[TimeControl "40/5400+30:1800+30"]

1. d4 {[%emt 0:00:00]} Nf6 {[%emt 0:00:00]} 2. Nf3 {[%emt 0:00:00]} e6 {[%emt 0:00:00]} 3. Bf4 {[%emt 0:00:20]} d5 {[%emt 0:00:33]} 4. e3 {[%emt 0:00:15]} Be7 {[%emt 0:00:08]} 5. Nbd2 {[%emt 0:03:53]} Nbd7 {[%emt 0:02:39]} 6. Ne5 {[%emt 0:04:17]} c5 {[%emt 0:07:07]} 7. c3 {[%emt 0:00:22]} a6 {[%emt 0:14:23]} 8. a4 {[%emt 0:04:03]} Nxe5 {[%emt 0:05:37]} 9. Bxe5 {[%emt 0:06:01]} Bd7 {[%emt 0:06:35]} 10. dxc5 {[%emt 0:13:08]} Bxc5 {[%emt 0:01:14]} 11. b4 {[%emt 0:00:49]} Be7 {[%emt 0:04:35]} 12. Bd3 {[%emt 0:00:27]} O-O {[%emt 0:02:38]} 13. O-O {[%emt 0:02:44]} Rc8 {[%emt 0:05:02]} 14. h3 {[%emt 0:08:46]} Be8 {[%emt 0:04:32]} 15. Qb3 {[%emt 0:10:15]} Bd6 {[%emt 0:11:07]} 16. Bxd6 {[%emt 0:05:39]} Qxd6 {[%emt 0:00:20]} 17. Rfd1 {[%emt 0:00:10]} Qe5 {[%emt 0:12:07]} 18. Rdc1 {[%emt 0:08:03]} Bd7 {[%emt 0:02:19]} 19. b5 {[%emt 0:02:45]} axb5 {[%emt 0:03:35]} 20. Bxb5 {[%emt 0:03:31]} Bxb5 {[%emt 0:00:24]} 21. Qxb5 {[%emt 0:00:37]} Rc7 {[%emt 0:03:54]} 22. c4 {[%emt 0:11:21]} Rfc8 {[%emt 0:01:19]} 23. Rd1 {[%emt 0:00:06]} Rc5 {[%emt 0:06:23]} 24. Qxb7 {[%emt 0:00:07]} dxc4 {[%emt 0:00:06]} 25. a5 {[%emt 0:01:45]} R5c7 {[%emt 0:02:44]} 26. Nf3 {[%emt 0:05:37]} Qc5 {[%emt 0:00:09]} 27. Qb6 {[%emt 0:05:22]} Qxb6 {[%emt 0:00:38]} 28. axb6 {[%emt 0:00:00]} Rb7 {[%emt 0:00:59]} 29. Rdc1 {[%emt 0:00:01]} g6 {[%emt 0:01:04]} 30. Ne5 {[%emt 0:00:54]} c3 {[%emt 0:01:05]} 31. Ra3 {[%emt 0:00:25]} Rxb6 {[%emt 0:01:39]} 32. Raxc3 {[%emt 0:00:04]} Rxc3 {[%emt 0:00:03]} 33. Rxc3 {[%emt 0:00:03]} Rb1+ {[%emt 0:00:10]} 1/2-1/2

[Event "WJCC U20 Girls 2019"]
[Site "New Delhi"]
[Date "2019.10.18"]
[Round "5.15"]
[White "Priyanka, Kumari"]
[Black "Obregon Garcia, Roxangel"]
[Result "1/2-1/2"]
[WhiteElo "1921"]
[BlackElo "2267"]
[Annotator "NA"]
[PlyCount "113"]
[EventDate "2019.10.15"]
[EventType "swiss"]
[EventCountry "IND"]
[SourceTitle "playchess.com"]
[Source "ChessBase"]
[SourceQuality "1"]
[TimeControl "40/5400+30:1800+30"]

1. e4 {[%emt 0:00:00]} c5 {[%emt 0:00:00]} 2. Nf3 {[%emt 0:00:00]} Nc6 {[%emt 0:00:00]} 3. d4 {[%emt 0:00:00]} cxd4 {[%emt 0:00:00]} 4. Nxd4 {[%emt 0:00:00]} Nf6 {[%emt 0:00:00]} 5. Nc3 {[%emt 0:00:10]} d6 {[%emt 0:00:00]} 6. Be2 {[%emt 0:00:55]} e5 {[%emt 0:00:01]} 7. Nf3 {[%emt 0:00:51]} h6 {[%emt 0:01:01]} 8. O-O {[%emt 0:00:19]} Be7 {[%emt 0:00:13]} 9. Re1 {[%emt 0:01:01]} O-O {[%emt 0:00:25]} 10. Bc4 {[%emt 0:00:48]} Be6 {[%emt 0:18:35]} 11. Nd5 {[%emt 0:02:18]} Rc8 {[%emt 0:02:45]} 12. c3 {[%emt 0:02:13]} Nb8 {[%emt 0:10:04]} 13. Nxf6+ {[%emt 0:07:41]} Bxf6 {[%emt 0:00:14]} 14. Bd5 {[%emt 0:00:25]} Nc6 {[%emt 0:11:38]} 15. Be3 {[%emt 0:06:21]} Bg4 {[%emt 0:04:01]} 16. h3 {[%emt 0:00:46]} Bh5 {[%emt 0:00:04]} 17. g4 {[%emt 0:09:36]} Bg6 {[%emt 0:00:03]} 18. Qd3 {[%emt 0:01:14]} Qd7 {[%emt 0:07:08]} 19. Rad1 {[%emt 0:03:48]} Rfd8 {[%emt 0:00:44]} 20. Nh2 {[%emt 0:02:32]} b6 {[%emt 0:06:25]} 21. Qb5 {[%emt 0:17:15]} Ne7 {[%emt 0:06:33]} 22. Qxd7 {[%emt 0:00:23]} Rxd7 23. f3 {[%emt 0:01:02]} Nxd5 {[%emt 0:01:16]} 24. Rxd5 {[%emt 0:00:36]} Be7 {[%emt 0:00:06]} 25. Red1 {[%emt 0:07:39]} f6 {[%emt 0:01:20]} 26. R5d3 {[%emt 0:02:33]} Bf7 {[%emt 0:13:06]} 27. b3 {[%emt 0:01:36]} b5 {[%emt 0:00:07]} 28. Nf1 {[%emt 0:02:19]} a5 {[%emt 0:13:23]} 29. Bf2 {[%emt 0:07:00]} a4 {[%emt 0:00:44]} 30. Rb1 {[%emt 0:01:01]} axb3 {[%emt 0:02:14]} 31. axb3 {[%emt 0:00:08]} Rdc7 {[%emt 0:00:03]} 32. Be1 {[%emt 0:02:18]} d5 {[%emt 0:00:04]} 33. Ng3 {[%emt 0:09:19]} Bc5+ {[%emt 0:01:33]} 34. Kg2 {[%emt 0:00:39]} d4 {[%emt 0:01:00]} 35. Ne2 {[%emt 0:02:46]} dxc3 {[%emt 0:01:15]} 36. Rxc3 {[%emt 0:02:09]} b4 {[%emt 0:00:31]} 37. Rd3 {[%emt 0:02:31]} Bf8 {[%emt 0:00:40]} 38. Rbd1 {[%emt 0:01:06]} Rc2 {[%emt 0:00:13]} 39. R1d2 {[%emt 0:00:54]} Rxd2 {[%emt 0:00:37]} 40. Bxd2 {[%emt 0:00:08]} Be6 {[%emt 0:00:29]} 41. Kf1 {[%emt 0:10:51]} h5 {[%emt 0:07:46]} 42. gxh5 {[%emt 0:06:16]} Bxh3+ {[%emt 0:00:30]} 43. Ke1 {[%emt 0:00:14]} Be6 {[%emt 0:00:14]} 44. f4 {[%emt 0:01:34]} exf4 {[%emt 0:10:04]} 45. Nxf4 {[%emt 0:00:36]} Bf7 {[%emt 0:00:10]} 46. Kf2 {[%emt 0:09:26]} Bc5+ {[%emt 0:07:05]} 47. Be3 {[%emt 0:04:49]} Kh7 {[%emt 0:05:01]} 48. Bxc5 {[%emt 0:02:22]} Rxc5 {[%emt 0:00:01]} 49. Rd4 {[%emt 0:00:10]} Rc2+ {[%emt 0:01:38]} 50. Kg1 {[%emt 0:01:17]} Rb2 {[%emt 0:02:39]} 51. Rxb4 {[%emt 0:00:14]} Rxb3 {[%emt 0:00:16]} 52. Rxb3 {[%emt 0:02:40]} Bxb3 {[%emt 0:00:02]} 53. Kf2 {[%emt 0:00:23]} Kh6 {[%emt 0:00:10]} 54. Kg3 {[%emt 0:00:45]} Bd1 {[%emt 0:01:06]} 55. Ne6 {[%emt 0:00:55]} Bxh5 {[%emt 0:00:36]} 56. Kf4 {[%emt 0:00:30]} Bf7 {[%emt 0:01:27]} 57. Nxg7 {[%emt 0:00:15]} 1/2-1/2

[Event "WJCC U20 Girls 2019"]
[Site "New Delhi"]
[Date "2019.10.18"]
[Round "5.16"]
[White "Protopopova, Anastasiya"]
[Black "Dwilewicz, Katarzyna"]
[Result "1-0"]
[WhiteElo "2263"]
[BlackElo "2106"]
[Annotator "TA"]
[PlyCount "81"]
[EventDate "2019.10.15"]
[EventType "swiss"]
[EventCountry "IND"]
[SourceTitle "playchess.com"]
[Source "ChessBase"]
[SourceQuality "1"]

{[%evp 16,81,50,32,52,19,61,62,90,76,93,55,58,57,104,102,94,56,65,44,85,74,136,120,171,140,196,164,317,330,421,148,145,140,154,160,159,169,166,171,191,152,241,237,245,208,323,331,324,333,445,484,488,489,816,812,802,799,799,776,777,729,794,790,2406,2327,29985,29985]} 1. d4 Nf6 2. c4 g6 3. Nc3 Bg7 4. e4 d6 5. h3 O-O 6. Be3 e5 7. d5 a5 8. g4 Na6 9. Nf3 Nc5 {E90: King's Indian: Classical: Early deviations and 6 h3} 10. Qc2 (10. Nd2 c6 11. Be2 a4 12. h4 Qa5 13. f3 a3 14. Qc2 axb2 15. Qxb2 h5 16. g5 Nfd7 17. O-O f6 18. Kg2 Qd8 19. Nb3 fxg5 20. hxg5 {½-½ (67) Nepomniachtchi,I (2757)-Grischuk,A (2766) chess.com INT 2018}) 10... Nfd7 11. O-O-O $146 ({Predecessor:} 11. Be2 Nb6 12. b3 f5 13. gxf5 gxf5 14. h4 fxe4 15. Ng5 Bf5 16. Bxc5 dxc5 {0-1 (23) Gibbs,D (1821)-Liang,J (2057) Crawley 2016}) 11... Nb6 {White is slightly better.} 12. Kb1 Bd7 13. Nd2 Nba4 14. Nb5 Qb8 15. b3 Nb6 16. Nf3 Nc8 17. Be2 Ra6 18. Ne1 Ne7 (18... c6 $142) 19. f3 Rc8 (19... c6 $16) 20. h4 Be8 (20... h6 $16 21. Qd2 Kh7) 21. Qd2 f5 $2 {[#]} (21... Ra8 22. h5 f6) 22. gxf5 $18 gxf5 23. Nd3 $2 (23. Bh6 $18 {is more deadly.} f4 24. Rg1) 23... Nxd3 $16 24. Qxd3 {Hoping for Bg5.} f4 25. Bf2 a4 26. b4 Kh8 27. h5 Bf6 28. a3 Bf7 (28... Ng8 $16 29. Qd2 Nh6) 29. c5 $18 Rg8 30. Bf1 Ra8 (30... Be8 {was called for.} 31. cxd6 Bxb5 32. Qxb5 Rxd6 33. Qxa4 b6) 31. cxd6 cxd6 32. Bb6 Ra6 33. Bc7 Qf8 {If only Black now had time for ...Nc8....} 34. Nxd6 Nxd5 (34... Ra8 $142 35. Qc3 Rg7) 35. Nxf7+ {[%mdl 64] [#] Discovered Attack} ({Less strong is} 35. exd5 Rxd6 36. Bxd6 Qxd6 $18) 35... Qxf7 36. Qxd5 {[%mdl 64] Double Attack} Qxc7 37. Bxa6 bxa6 38. Rc1 Qb8 39. Rc6 Rd8 40. Qe6 Rf8 41. Rhc1 {Accuracy: White = 66%, Black = 20%.} 1-0

[Event "WJCC U20 Girls 2019"]
[Site "New Delhi"]
[Date "2019.10.18"]
[Round "5.17"]
[White "Zhang, Xiao"]
[Black "Salimova, Nurgyul"]
[Result "1/2-1/2"]
[WhiteElo "2053"]
[BlackElo "2415"]
[Annotator "NA"]
[PlyCount "48"]
[EventDate "2019.10.15"]
[EventType "swiss"]
[EventCountry "IND"]
[SourceTitle "playchess.com"]
[Source "ChessBase"]
[SourceQuality "1"]
[TimeControl "40/5400+30:1800+30"]

1. d4 Nf6 2. c4 g6 3. Nc3 d5 4. cxd5 Nxd5 5. e4 Nxc3 6. bxc3 Bg7 7. Bc4 c5 8. Ne2 O-O 9. Be3 Nc6 10. Rc1 b6 11. O-O Qc7 12. Qa4 Bb7 13. Rfd1 Na5 14. Bd3 Rfd8 15. d5 e6 (15... c4 $5 {[%cal Rc4d3]} 16. Bc2 e6 $11) 16. Bg5 Bc8 $18 (16... c4 $11 17. Bxd8 Rxd8) 17. Bh4 f6 18. c4 e5 19. Nc3 Bd7 20. Qc2 Nb7 21. a4 Nd6 22. Ra1 a5 23. Rab1 Re8 24. Rb3 Rec8 1/2-1/2

[Event "WJCC U20 Girls 2019"]
[Site "New Delhi"]
[Date "2019.10.18"]
[Round "5.18"]
[White "Gomez Barrera, Javiera Belen"]
[Black "Potapova, Margarita"]
[Result "1/2-1/2"]
[WhiteElo "2033"]
[BlackElo "2377"]
[Annotator "TA"]
[PlyCount "69"]
[EventDate "2019.10.15"]
[EventType "swiss"]
[EventCountry "IND"]
[SourceTitle "playchess.com"]
[Source "ChessBase"]
[SourceQuality "1"]

{[%evp 13,69,20,26,0,0,0,0,0,0,0,0,0,0,0,10,0,0,0,18,18,20,-66,-52,-50,0,-17,39,37,58,73,47,28,29,29,29,24,24,24,26,29,25,23,38,43,47,61,71,29,97,97,107,0,65,0,99,0,69,0]} 1. e4 c5 2. Nf3 d6 3. d4 cxd4 4. Nxd4 Nf6 5. Nc3 a6 6. Be3 e5 7. Nb3 Be6 8. h3 {B90: Sicilian Najdorf: Unusual White 6th moves, 6 Be3 Ng4 and 6 Be3 e5} Be7 9. g4 d5 10. exd5 {The position is equal.} Nxd5 11. Bg2 Nxe3 12. Qxd8+ Bxd8 13. fxe3 Bh4+ 14. Kf1 Nc6 15. Nc5 O-O 16. Bxc6 bxc6 17. N3e4 $146 (17. Rd1 $11) 17... Bd5 18. b3 g6 19. Rg1 Kh8 ({Better is} 19... Be7 $11) 20. g5 $14 Bxe4 21. Nxe4 h6 22. Rg4 Bxg5 23. Nxg5 hxg5 24. Rxg5 $11 {[%mdl 4096] Endgame KRR-KRR} Rad8 25. Ke2 Rfe8 26. h4 Kg7 27. Rag1 Rd6 28. h5 Kh6 29. hxg6 fxg6 30. R5g4 Red8 (30... e4 $1 $11 {remains equal.}) 31. Kf3 $16 Rf8+ 32. Ke2 Rfd8 $1 33. Kf3 Rf8+ $1 34. Ke2 Rfd8 $1 35. Kf3 {Accuracy: White = 51%, Black = 60%.} (35. R1g2 $14) 1/2-1/2

[Event "WJCC U20 Girls 2019"]
[Site "New Delhi"]
[Date "2019.10.18"]
[Round "5.19"]
[White "Bakshi, Rutuja"]
[Black "Munkhzul, Turmunkh"]
[Result "0-1"]
[WhiteElo "2029"]
[BlackElo "2332"]
[Annotator "NA"]
[PlyCount "113"]
[EventDate "2019.10.15"]
[EventType "swiss"]
[EventCountry "IND"]
[SourceTitle "playchess.com"]
[Source "ChessBase"]
[SourceQuality "1"]
[TimeControl "40/5400+30:1800+30"]

1. Nf3 {[%emt 0:00:00]} Nf6 {[%emt 0:00:34]} 2. c4 {[%emt 0:00:41]} e6 {[%emt 0:02:27]} 3. d4 {[%emt 0:02:29]} b6 {[%emt 0:01:20]} 4. g3 {[%emt 0:00:56]} Bb7 {[%emt 0:01:38]} 5. Bg2 {[%emt 0:00:07]} Bb4+ {[%emt 0:00:57]} 6. Bd2 {[%emt 0:00:37]} Bxd2+ {[%emt 0:01:07]} 7. Nbxd2 {[%emt 0:00:58]} O-O {[%emt 0:01:12]} 8. Qc2 {[%emt 0:02:36]} d6 {[%emt 0:03:14]} 9. O-O {[%emt 0:02:56]} Nbd7 {[%emt 0:03:11]} 10. Rad1 {[%emt 0:04:30]} Qe7 11. e4 {[%emt 0:00:30]} e5 {[%emt 0:07:41]} 12. Rfe1 {[%emt 0:06:14]} a5 {[%emt 0:03:02]} 13. b3 {[%emt 0:02:29]} Rfe8 {[%emt 0:05:05]} 14. h3 {[%emt 0:07:09]} Nf8 {[%emt 0:02:49]} 15. Qc3 {[%emt 0:03:59]} Ng6 {[%emt 0:02:06]} 16. Nh2 {[%emt 0:05:17]} exd4 {[%emt 0:06:30]} 17. Qxd4 {[%emt 0:00:16]} Qe5 {[%emt 0:00:39]} 18. Qd3 {[%emt 0:07:09]} Qc5 {[%emt 0:03:13]} 19. Nhf1 {[%emt 0:09:13]} Ne5 {[%emt 0:03:16]} 20. Qb1 {[%emt 0:03:11]} Nc6 {[%emt 0:17:21]} 21. Ne3 {[%emt 0:04:52]} Nd4 {[%emt 0:03:43]} 22. Qd3 {[%emt 0:05:47]} Nc6 {[%emt 0:01:24]} 23. Qb1 {[%emt 0:01:40]} Nb4 {[%emt 0:01:24]} 24. Nd5 {[%emt 0:08:39]} Nbxd5 {[%emt 0:02:10]} 25. cxd5 {[%emt 0:04:04]} b5 {[%emt 0:01:35]} 26. Nf3 {[%emt 0:04:37]} Rad8 {[%emt 0:03:47]} 27. Qd3 {[%emt 0:02:17]} Qb6 {[%emt 0:03:58]} 28. Nd4 {[%emt 0:02:24]} b4 {[%emt 0:00:26]} 29. Bf1 {[%emt 0:03:15]} Re7 {[%emt 0:00:57]} 30. Re3 {[%emt 0:03:02]} Rde8 {[%emt 0:01:06]} 31. Bg2 {[%emt 0:01:43]} Nd7 {[%emt 0:03:18]} 32. Rde1 {[%emt 0:00:47]} Nc5 {[%emt 0:01:33]} 33. Qd1 {[%emt 0:00:42]} f6 {[%emt 0:03:26]} 34. Kh2 {[%emt 0:01:01]} Bc8 {[%emt 0:01:46]} 35. Qd2 {[%emt 0:00:29]} Bd7 {[%emt 0:01:33]} 36. f4 {[%emt 0:00:35]} Ra8 {[%emt 0:02:19]} 37. f5 {[%emt 0:00:40]} Bb5 {[%emt 0:02:08]} 38. g4 {[%emt 0:00:29]} Nd7 {[%emt 0:00:27]} 39. Rg3 {[%emt 0:00:26]} h6 {[%emt 0:01:14]} 40. h4 {[%emt 0:00:18]} Kf7 {[%emt 0:00:12]} 41. Ne6 {[%emt 0:30:47]} Rh8 {[%emt 0:30:33]} 42. Bf3 {[%emt 0:00:36]} c5 {[%emt 0:02:34]} 43. Kg2 {[%emt 0:00:00]} Ree8 {[%emt 0:00:00]} 44. g5 {[%emt 0:00:00]} hxg5 {[%emt 0:00:00]} 45. hxg5 {[%emt 0:00:00]} Reg8 {[%emt 0:00:00]} 46. Rh1 {[%emt 0:00:00]} Rxh1 {[%emt 0:00:00]} 47. Kxh1 {[%emt 0:00:00]} Qb8 48. Bh5+ {[%emt 0:00:00]} Ke7 {[%emt 0:00:00]} 49. Qg2 {[%emt 0:00:00]} g6 {[%emt 0:00:00]} 50. gxf6+ {[%emt 0:00:00]} Nxf6 {[%emt 0:00:00]} 51. Bxg6 {[%emt 0:00:28]} Rh8+ {[%emt 0:00:00]} 52. Rh3 {[%emt 0:02:01]} Bd3 {[%emt 0:00:00]} 53. Ng5 {[%emt 0:00:42]} c4 {[%emt 0:00:00]} 54. bxc4 {[%emt 0:00:44]} b3 {[%emt 0:00:00]} 55. axb3 {[%emt 0:00:36]} Rh7 56. Rh6 Rxh6+ {[%emt 0:00:00]} 57. Qh3 {[%emt 0:01:49]} 0-1

[Event "WJCC U20 Girls 2019"]
[Site "New Delhi"]
[Date "2019.10.18"]
[Round "5.20"]
[White "Vlkova, Anezka"]
[Black "Li, Yunshan"]
[Result "0-1"]
[WhiteElo "1972"]
[BlackElo "2289"]
[Annotator "TA"]
[PlyCount "70"]
[EventDate "2019.10.15"]
[EventType "swiss"]
[EventCountry "IND"]
[SourceTitle "playchess.com"]
[Source "ChessBase"]
[SourceQuality "1"]

{[%evp 10,70,32,31,32,0,11,0,41,38,42,42,40,28,40,43,56,62,56,56,62,25,37,15,22,7,29,-71,-75,-96,-108,-126,-118,-120,-110,-247,-227,-286,-299,-388,-399,-377,-355,-416,-441,-441,-419,-401,-394,-584,-571,-567,-575,-580,-561,-626,-619,-1017,-1037,-902,-860,-821,-837]} 1. e4 c6 2. Nc3 d5 3. Nf3 dxe4 4. Nxe4 Nf6 5. Qe2 Nxe4 6. Qxe4 Qd5 {B11: Caro-Kann: Two Knights Variation} (6... Qa5 7. Qh4 Nd7 8. Bc4 Ne5 9. Be2 Nxf3+ 10. Bxf3 Bf5 11. O-O Bxc2 12. d4 e6 13. Qg3 Bg6 14. h4 {1-0 (48) Wei,Y (2721)-Vachier Lagrave,M (2774) chess.com INT 2019}) 7. Qh4 Qe6+ 8. Be2 Qg4 {The position is equal.} 9. Qg3 Qxg3 10. hxg3 g6 11. d4 Bf5 $146 ({Predecessor:} 11... Bg4 12. Bc4 Bxf3 13. gxf3 e6 14. a4 {½-½ (31) Lu,S (2606)-Zhao,J (2621) Hangzhou 2019}) 12. c3 h6 13. Ne5 Nd7 14. g4 Be6 15. Nxd7 Kxd7 16. g5 {[%cal Rg5h6]} h5 17. Bf4 Bg7 18. O-O-O (18. Bd3 $11) 18... Bxa2 $17 19. c4 {aiming for Rh3.} a5 {[%cal Ba7a5,Ba5a4][%mdl 32]} 20. Rh3 {Hoping for Ra3.} a4 21. d5 c5 22. g4 {[#]} (22. Bd2 $17 {was necessary.}) 22... h4 $1 $19 23. Rdh1 Ra6 24. Kc2 Rb6 25. Bc1 Rb4 26. Rxh4 Rxh4 27. Rxh4 Bxc4 28. Rh7 Be5 ({Weaker is} 28... Bxe2 29. Rxg7 Bxg4 30. Rxf7 $19) 29. f4 (29. Bxc4 $142 Rxc4+ {[%mdl 64] Double Attack} 30. Kb1) 29... Bxf4 {Black is clearly winning.} 30. Bxf4 {intending Bd2.} Bb3+ {[%mdl 64] [#] Discovered Attack} 31. Kd2 Rxf4 32. Ke3 Rb4 33. Rxf7 Bxd5 {[%mdl 64] Discovered Attack} 34. Rf4 Rb3+ 35. Kf2 b5 {Accuracy: White = 35%, Black = 79%.} 0-1

[Event "WJCC U20 Girls 2019"]
[Site "New Delhi"]
[Date "2019.10.18"]
[Round "5.21"]
[White "Savitha Shri B"]
[Black "Kiolbasa, Oliwia"]
[Result "0-1"]
[WhiteElo "1916"]
[BlackElo "2223"]
[Annotator "NA"]
[PlyCount "118"]
[EventDate "2019.10.15"]
[EventType "swiss"]
[EventCountry "IND"]
[SourceTitle "playchess.com"]
[Source "ChessBase"]
[SourceQuality "1"]
[TimeControl "40/5400+30:1800+30"]

1. e4 {[%emt 0:00:00]} c6 {[%emt 0:00:00]} 2. d4 {[%emt 0:00:00]} d5 {[%emt 0:00:00]} 3. Nc3 {[%emt 0:00:38]} dxe4 {[%emt 0:00:03]} 4. Nxe4 {[%emt 0:00:06]} Bf5 {[%emt 0:00:10]} 5. Ng3 {[%emt 0:00:08]} Bg6 {[%emt 0:00:12]} 6. h4 {[%emt 0:00:05]} h6 {[%emt 0:00:10]} 7. Nf3 {[%emt 0:00:05]} e6 {[%emt 0:00:18]} 8. Ne5 {[%emt 0:03:38]} Bh7 {[%emt 0:00:13]} 9. c3 {[%emt 0:03:16]} Nd7 {[%emt 0:03:21]} 10. Nxd7 {[%emt 0:01:20]} Qxd7 {[%emt 0:00:16]} 11. Bd3 {[%emt 0:00:23]} Bxd3 {[%emt 0:00:41]} 12. Qxd3 {[%emt 0:00:09]} Nf6 {[%emt 0:07:07]} 13. Be3 {[%emt 0:01:03]} Be7 {[%emt 0:02:47]} 14. O-O-O {[%emt 0:01:47]} O-O-O {[%emt 0:13:08]} 15. Kb1 {[%emt 0:00:36]} Kb8 {[%emt 0:02:31]} 16. c4 {[%emt 0:07:09]} c5 {[%emt 0:12:07]} 17. Qc3 {[%emt 0:09:25]} cxd4 {[%emt 0:07:37]} 18. Bxd4 {[%emt 0:00:27]} Qc6 {[%emt 0:01:52]} 19. f3 {[%emt 0:01:12]} b6 {[%emt 0:05:33]} 20. Rhe1 {[%emt 0:02:26]} Rd7 {[%emt 0:06:47]} 21. Ne2 {[%emt 0:04:41]} Rhd8 {[%emt 0:13:10]} 22. Be5+ {[%emt 0:02:16]} Ka8 {[%emt 0:01:26]} 23. Nd4 {[%emt 0:01:24]} Qb7 {[%emt 0:00:18]} 24. Qb3 {[%emt 0:02:08]} Ne8 {[%emt 0:00:53]} 25. Nb5 {[%emt 0:01:53]} Bxh4 {[%emt 0:06:35]} 26. Rxd7 {[%emt 0:04:37]} Qxd7 {[%emt 0:00:02]} 27. Rc1 {[%emt 0:05:40]} Qd3+ {[%emt 0:08:37]} 28. Qxd3 {[%emt 0:00:05]} Rxd3 {[%emt 0:00:03]} 29. c5 {[%emt 0:03:19]} bxc5 {[%emt 0:01:54]} 30. Rxc5 {[%emt 0:01:34]} Rd5 {[%emt 0:00:47]} 31. Rxd5 {[%emt 0:03:10]} exd5 {[%emt 0:00:02]} 32. Nc3 {[%emt 0:00:01]} Bf6 {[%emt 0:02:02]} 33. Bxf6 {[%emt 0:01:06]} Nxf6 {[%emt 0:00:01]} 34. Nb5 {[%emt 0:00:05]} Ne8 {[%emt 0:00:21]} 35. Kc2 {[%emt 0:01:29]} Kb7 {[%emt 0:00:26]} 36. Kd3 {[%emt 0:00:09]} a6 {[%emt 0:00:24]} 37. Nd4 {[%emt 0:01:06]} Nd6 {[%emt 0:02:31]} 38. Nc2 {[%emt 0:00:16]} Nf5 {[%emt 0:01:29]} 39. g4 {[%emt 0:02:54]} Ne7 {[%emt 0:00:29]} 40. Kd4 {[%emt 0:00:52]} Kb6 {[%emt 0:00:32]} 41. b4 {[%emt 0:35:13]} Kc6 {[%emt 0:09:24]} 42. a4 {[%emt 0:00:00]} Kd6 {[%emt 0:03:44]} 43. b5 {[%emt 0:00:00]} axb5 {[%emt 0:00:06]} 44. axb5 {[%emt 0:00:00]} g6 {[%emt 0:00:16]} 45. Ne3 {[%emt 0:00:00]} h5 {[%emt 0:01:39]} 46. Ng2 {[%emt 0:00:00]} f6 {[%emt 0:06:19]} 47. gxh5 {[%emt 0:00:00]} Nf5+ {[%emt 0:00:05]} 48. Kc3 {[%emt 0:00:00]} gxh5 {[%emt 0:00:46]} 49. Nf4 {[%emt 0:00:00]} h4 {[%emt 0:00:35]} 50. Kb4 {[%emt 0:00:00]} Nd4 {[%emt 0:03:24]} 51. Ka5 {[%emt 0:00:00]} Nxf3 {[%emt 0:00:51]} 52. b6 {[%emt 0:00:00]} Ne5 {[%emt 0:00:14]} 53. b7 {[%emt 0:02:55]} Nd7 {[%emt 0:03:07]} 54. Kb5 {[%emt 0:07:15]} f5 {[%emt 0:00:14]} 55. Nd3 {[%emt 0:13:28]} Kc7 {[%emt 0:03:01]} 56. Ka6 {[%emt 0:02:01]} h3 {[%emt 0:00:57]} 57. Ka7 {[%emt 0:01:16]} h2 {[%emt 0:00:18]} 58. Nb4 {[%emt 0:02:03]} h1=Q {[%emt 0:01:18]} 59. Nxd5+ {[%emt 0:00:22]} Kd6 {[%emt 0:00:21]} 0-1